Statistics for TfL Rail Stations

Click here to take the quiz!

General Stats

  • This quiz has been taken 62 times
  • The average score is 9 of 14

Answer Stats

Station% Correct
Liverpool Street
98%
Shenfield
84%
Stratford
77%
Brentwood
65%
Romford
65%
Harold Wood
63%
Ilford
63%
Seven Kings
63%
Maryland
60%
Gidea Park
58%
Goodmayes
53%
Forest Gate
49%
Manor Park
47%
Chadwell Heath
44%

Score Distribution

Percentile by Number Answered

Percent of People with Each Score

Your Score History

You have not taken this quiz